Grenada-visa - Statistics

Yleistilastot
  • Tätä visaa on pelattu 226 kertaa
  • Keskiarvotulos 10 / 15
Vastaustilastot
Vihje Vastaus % Oikein
Meri, jonka rannalla Grenada sijaitsee Karibianmeri
97%
Virallinen kieli Englanti
94%
Valtio, josta Grenada itsenäistyi 1974 Yhdistynyt kuningaskunta
90%
Vuonna 1983 Grenadan miehittänyt valtio Yhdysvallat
86%
Valuutta {Itä-Karibia}n dollari
78%
Suosituin urheilulaji Kriketti
78%
Saaristo, johon Grenada kuuluu Pienet Antillit
78%
Grenada vastaa 40 prosentista tämän mausteen maailmanlaajuisesta tuotannosta {Muskotti}pähkinä
72%
Pääkaupunki St George's
66%
Windwardsaariin kuuluva saarijono, johon Grenada kuuluu pääsaarta lukuun ottamatta Grenadiinit
47%
Grenadalainen pikajuoksija ja Lontoossa 2012 400 metrin juoksun voittanut maan historian ensimmäinen ja ainoa olympiavoittaja Kirani {James}
46%
Grenadalla elokuussa vietettävä juhla, joka pidetään muissa maissa ennen paastoa Karnevaali
41%
Äärimmäisen uhanalainen Grenadan kansallislintu Grenadanjuoksu{kyyhky}
38%
Grenadaa ennen eurooppalaisten saapumista asuttanut kansa (kirjoita monikossa) Karibit
35%
Kommunistinen puolue, joka kaappasi vallan 1979 New {Jewel} Movement
28%
Ehtoja vastaavia visoja ei löytynyt
Tulosjakauma
Jokaisen tuloksen saaneiden osuus
Persentiili vastausten määrän mukaan
Tuloshistoriasi
Et ole pelannut tätä visaa